| 000 | 00489nam a2200169Ia 4500 | ||
|---|---|---|---|
| 999 |
_c27832 _d27832 |
||
| 003 | OSt | ||
| 005 | 20201221115438.0 | ||
| 008 | 190216s9999||||xx |||||||||||||| ||und|| | ||
| 040 | _coclc | ||
| 082 |
_a894.8124 _bSAC/K |
||
| 100 |
_aSatchidanandan, K _96203 |
||
| 245 | 0 |
_aKalayum Nishedhavum / _cK Sachidanandan |
|
| 260 |
_bPoorna Publications, _aKozhikode: _c1998. |
||
| 300 | _a145p | ||
| 650 | _aLekhanam | ||
| 942 |
_cBK _2ddc _h894.8124 _iSAC/K _k894.8124 _mSAC/K |
||